Helytállás a munkában és a közéletben Vázlatos kép a szegedi nők helyzetéről

Elmentve itt :
Bibliográfiai részletek
Dokumentumtípus: Cikk
Megjelent: 1982-10-08
Sorozat:Délmagyarország 72 No. 236
Kulcsszavak:nőkérdés
Online Access:http://dmarchiv.bibl.u-szeged.hu/110763
LEADER 00459nab a2200145 i 4500
001 delm110763
005 20190621132346.0
008 190621s1982 hu o 0|| hun d
040 |a SZTE Délmagyarország Archívum  |b hun 
041 |a hun 
245 0 0 |a Helytállás a munkában és a közéletben   |h [elektronikus dokumentum] :  |b Vázlatos kép a szegedi nők helyzetéről 
260 |c 1982-10-08 
300 |a 3 
490 0 |a Délmagyarország  |v 72 No. 236 
695 |a nőkérdés